| 000 | 00546nam#a2200193#c#4500 | ||
|---|---|---|---|
| 003 | IEF | ||
| 005 | 20180219171737.0 | ||
| 008 | 950601s1971 uuu####fr####| 0||u| |u | ||
| 040 | _aIEF | ||
| 100 | 1 |
_aVernon, Raymond _945157 |
|
| 245 | _aSoberania en peligro : la difusión multinacional de las empresas de Estados Unidos | ||
| 260 |
_aMejico _b Fondo de Cultura Economica _c1971 |
||
| 300 |
_a290 p. _c21 cm. |
||
| 650 | 4 |
_aEMPRESAS MULTINACIONALES _943600 |
|
| 650 | 4 |
_aESTUDIOS _943582 |
|
| 942 | _cLIB | ||
| 942 | _z51658 | ||
| 999 |
_c116303 _d116303 |
||